[Event "Anapa2"]
[Site "Anapa"]
[Date "2008.09.15"]
[Round "9"]
[White "Scheblykin, Sergey"]
[Black "Pudovkin, Dmitry"]
[Result "1/2-1/2"]
[WhiteElo "2348"]
[BlackElo "2317"]
[PlyCount "51"]
[EventDate "2008.09.09"]
[EventType "tourn"]
[EventRounds "11"]
[EventCountry "RUS"]
[EventCategory "4"]
[SourceTitle "EXT 2010"]
[Source "ChessBase"]
[SourceDate "2010.11.25"]
[SourceVersion "1"]
[SourceVersionDate "2010.11.25"]
[SourceQuality "1"]

1. Nf3 c5 2. d3 Nc6 3. g3 d5 4. Bg2 Nf6 5. 0-0 e6 6. Nbd2 Be7 7. Re1 0-0 8. e4 dxe4 9. Nxe4 Nxe4 10. dxe4 Qxd1 11. Rxd1 Rd8 12. Be3 Bd7 13. Rd2 Be8 14. Rad1 Rxd2 15. Rxd2 Rd8 16. Rxd8 Nxd8 17. Ne5 Nc6 18. Nxc6 Bxc6 19. e5 Bxg2 20. Kxg2 Kf8 21. Kf3 Ke8 22. Ke4 Kd7 23. c4 Kc6 24. f4 b6 25. a4 a5 26. b3 1/2-1/2

[Event "Anapa2"]
[Site "Anapa"]
[Date "2008.09.10"]
[Round "3"]
[White "Karabakhtsian, Adroniks"]
[Black "Scheblykin, Sergey"]
[Result "1/2-1/2"]
[WhiteElo "2248"]
[BlackElo "2348"]
[PlyCount "52"]
[EventDate "2008.09.09"]
[EventType "tourn"]
[EventRounds "11"]
[EventCountry "RUS"]
[EventCategory "4"]
[SourceTitle "EXT 2010"]
[Source "ChessBase"]
[SourceDate "2010.11.25"]
[SourceVersion "1"]
[SourceVersionDate "2010.11.25"]
[SourceQuality "1"]

1. e4 c5 2. Nf3 d6 3. d4 cxd4 4. Nxd4 Nf6 5. Nc3 a6 6. Bg5 e6 7. f4 Qb6 8. Qd2 Qxb2 9. Rb1 Qa3 10. f5 Nc6 11. fxe6 fxe6 12. Nxc6 bxc6 13. e5 dxe5 14. Bxf6 gxf6 15. Ne4 Be7 16. Rb3 Qa4 17. Nd6+ Bxd6 18. Qxd6 Bd7 19. Rb7 Rd8 20. Be2 Qh4+ 21. g3 Qg5 22. 0-0 Qe3+ 23. Rf2 Qc1+ 24. Rf1 Qe3+ 25. Rf2 Qc1+ 26. Rf1 Qe3+ 1/2-1/2